000 nam a22 a 4500
999 _c419848
_d419848
003 BLK
005 20210615090133.0
008 200805b bul|||||r ||||||| ||bul||
040 _aBLK
041 _aBUL
_cBUL
080 _aРадиосъобщителна техника. Вж и 537.86/.87; 62137; 621.394; 621.395; 621.397
_b621.396
_z621.396
100 1 _aСокачев, Ангел Иванов
_eпърви автор
_9424164
139 _aСокачев, Ангел Иванов
245 1 0 _aРадиоремонтно дело
_cАнгел Иванов Сокачев.
_bЧ. I-II
_nЧ. 1
_pУчебник за IV курс на специалността "Радиоапарати и радиоуреди" при техникумите по електротехника
257 _aBGR
260 _aСофия
_bНар. просв.
_c1955
_9216179
300 _c30 см
380 _a62
500 _aЦикл. изд
650 4 _aРадиоапаратури и радиоустройства - ремонт
_9424165
760 _aСокачев, Ангел Иванов
_h126 с., 24 с. : ил.
_o[Ч.] I: Учебник за IV курс на специалността "Радиоапарати и радиоуреди" при техникумите по електротехника
_tРадиоремонтно дело
852 _aЦб 6.295.46357
_bО
856 4 _qpdf
_u
856 4 _qpdf
_u
942 _cKNG
_n0
_s1
944 _aCR
_c2021-06-15
_kК.Д.